|
|
|
|
| LEADER |
00625nab a2200181 i 4500 |
| 001 |
misc24762 |
| 005 |
20191111110646.0 |
| 008 |
170928s1886 hu o 0|| zxx d |
| 040 |
|
|
|a SZTE Miscellanea Repozitórium
|b hun
|
| 041 |
|
|
|a zxx
|
| 100 |
1 |
|
|a Gervinus Georg Gottfried
|
| 245 |
1 |
0 |
|a Bevezetés a tizenkilenczedik század történetébe
|h [elektronikus dokumentum] /
|c Gervinus Georg Gottfried
|
| 260 |
|
|
|c 1886
|
| 300 |
|
|
|a 1-103
|
| 490 |
0 |
|
|a Kolligátum
|
| 695 |
|
|
|a Világtörténelem - 19. sz. - népszerű
|
| 700 |
0 |
1 |
|a Rózsaági Antal
|
| 856 |
4 |
0 |
|u http://misc.bibl.u-szeged.hu/24762/1/012_012_001-103.pdf
|z Dokumentum-elérés
|